<?xml version="1.0" encoding="UTF-8"?>
<record
    xmlns:xsi="http://www.w3.org/2001/XMLSchema-instance"
    xsi:schemaLocation="http://www.loc.gov/MARC21/slim http://www.loc.gov/standards/marcxml/schema/MARC21slim.xsd"
    xmlns="http://www.loc.gov/MARC21/slim">

  <leader>00686nam a22001577a 4500</leader>
  <controlfield tag="003">LRUA</controlfield>
  <controlfield tag="005">20230831170012.0</controlfield>
  <controlfield tag="008">230808b        xxu||||| |||| 00| 0 eng d</controlfield>
  <datafield tag="040" ind1=" " ind2=" ">
    <subfield code="c">RUA</subfield>
  </datafield>
  <datafield tag="082" ind1=" " ind2=" ">
    <subfield code="2">LMA SUN 2021 B498 Or.</subfield>
  </datafield>
  <datafield tag="100" ind1=" " ind2=" ">
    <subfield code="9">15623</subfield>
    <subfield code="a">SUN SOKNA. &#x179F;&#x17B6;&#x1793;&#x17CB; &#x179F;&#x17BB;&#x1781;&#x178E;&#x17B6;</subfield>
  </datafield>
  <datafield tag="245" ind1=" " ind2=" ">
    <subfield code="a">STUDY ON LAND USE PLANNING IN SANGKAT SNOR, KHAN KAMBOL. PHNOM PENH. &#x179F;&#x17B7;&#x1780;&#x17D2;&#x179F;&#x17B6;&#x1796;&#x17B8;&#x1780;&#x17B6;&#x179A;&#x179A;&#x17C0;&#x1794;&#x1785;&#x17C6;&#x1795;&#x17C2;&#x1793;&#x1780;&#x17B6;&#x179A;&#x1794;&#x17D2;&#x179A;&#x17BE;&#x1794;&#x17D2;&#x179A;&#x17B6;&#x179F;&#x17CB;&#x178A;&#x17B8;&#x1792;&#x17D2;&#x179B;&#x17B8;&#x1793;&#x17C5;&#x179F;&#x1784;&#x17D2;&#x1780;&#x17B6;&#x178F;&#x17CB;&#x179F;&#x17D2;&#x1798;&#x17C4;&#x179A; &#x1781;&#x178E;&#x17D2;&#x178C;&#x1780;&#x17C6;&#x1794;&#x17BC;&#x179B; &#x179A;&#x17B6;&#x1787;&#x1792;&#x17B6;&#x1793;&#x17B8;&#x1797;&#x17D2;&#x1793;&#x17C6;&#x1796;&#x17C1;&#x1789;</subfield>
  </datafield>
  <datafield tag="260" ind1=" " ind2=" ">
    <subfield code="a">Phnom Penh</subfield>
    <subfield code="b">RUA</subfield>
    <subfield code="c">2021</subfield>
  </datafield>
  <datafield tag="300" ind1=" " ind2=" ">
    <subfield code="a">IX.36P</subfield>
    <subfield code="b">VII.</subfield>
    <subfield code="c">29CM</subfield>
  </datafield>
  <datafield tag="942" ind1=" " ind2=" ">
    <subfield code="2">ddc</subfield>
    <subfield code="c">LMA</subfield>
  </datafield>
  <datafield tag="999" ind1=" " ind2=" ">
    <subfield code="c">21605</subfield>
    <subfield code="d">21605</subfield>
  </datafield>
  <datafield tag="952" ind1=" " ind2=" ">
    <subfield code="0">0</subfield>
    <subfield code="1">0</subfield>
    <subfield code="2">ddc</subfield>
    <subfield code="4">0</subfield>
    <subfield code="6">LMA_SUN_2021_000000000000000_B498_OR</subfield>
    <subfield code="7">0</subfield>
    <subfield code="9">93740</subfield>
    <subfield code="a">LBB</subfield>
    <subfield code="b">LBB</subfield>
    <subfield code="c">B498</subfield>
    <subfield code="d">2023-08-08</subfield>
    <subfield code="o">LMA SUN 2021 B498 Or.</subfield>
    <subfield code="p">a073647</subfield>
    <subfield code="r">2023-08-08</subfield>
    <subfield code="w">2023-08-08</subfield>
    <subfield code="y">LMA</subfield>
  </datafield>
  <datafield tag="952" ind1=" " ind2=" ">
    <subfield code="0">0</subfield>
    <subfield code="1">0</subfield>
    <subfield code="2">ddc</subfield>
    <subfield code="4">0</subfield>
    <subfield code="6">LMA_SUN_2021_000000000000000_B498_OR</subfield>
    <subfield code="7">0</subfield>
    <subfield code="9">93741</subfield>
    <subfield code="a">LBB</subfield>
    <subfield code="b">LBB</subfield>
    <subfield code="c">B498</subfield>
    <subfield code="d">2023-08-08</subfield>
    <subfield code="o">LMA SUN 2021 B498 Or.</subfield>
    <subfield code="p">a073766</subfield>
    <subfield code="r">2023-08-08</subfield>
    <subfield code="w">2023-08-08</subfield>
    <subfield code="y">LMA</subfield>
  </datafield>
  <datafield tag="952" ind1=" " ind2=" ">
    <subfield code="0">0</subfield>
    <subfield code="1">0</subfield>
    <subfield code="2">ddc</subfield>
    <subfield code="4">0</subfield>
    <subfield code="6">LMA_SUN_2021_000000000000000_B498_OR</subfield>
    <subfield code="7">0</subfield>
    <subfield code="9">93742</subfield>
    <subfield code="a">LBB</subfield>
    <subfield code="b">LBB</subfield>
    <subfield code="c">B498</subfield>
    <subfield code="d">2023-08-08</subfield>
    <subfield code="o">LMA SUN 2021 B498 Or.</subfield>
    <subfield code="p">a073762</subfield>
    <subfield code="r">2023-08-08</subfield>
    <subfield code="w">2023-08-08</subfield>
    <subfield code="y">LMA</subfield>
  </datafield>
  <datafield tag="952" ind1=" " ind2=" ">
    <subfield code="0">0</subfield>
    <subfield code="1">0</subfield>
    <subfield code="2">ddc</subfield>
    <subfield code="4">0</subfield>
    <subfield code="6">LMA_SUN_2021_000000000000000_B498_OR</subfield>
    <subfield code="7">0</subfield>
    <subfield code="9">93743</subfield>
    <subfield code="a">LBB</subfield>
    <subfield code="b">LBB</subfield>
    <subfield code="c">B498</subfield>
    <subfield code="d">2023-08-08</subfield>
    <subfield code="o">LMA SUN 2021 B498 Or.</subfield>
    <subfield code="p">a073698</subfield>
    <subfield code="r">2023-08-08</subfield>
    <subfield code="w">2023-08-08</subfield>
    <subfield code="y">LMA</subfield>
  </datafield>
  <datafield tag="952" ind1=" " ind2=" ">
    <subfield code="0">0</subfield>
    <subfield code="1">0</subfield>
    <subfield code="2">ddc</subfield>
    <subfield code="4">0</subfield>
    <subfield code="6">LMA_SUN_2021_000000000000000_B498_OR</subfield>
    <subfield code="7">0</subfield>
    <subfield code="9">93744</subfield>
    <subfield code="a">LBB</subfield>
    <subfield code="b">LBB</subfield>
    <subfield code="c">B498</subfield>
    <subfield code="d">2023-08-08</subfield>
    <subfield code="l">1</subfield>
    <subfield code="o">LMA SUN 2021 B498 Or.</subfield>
    <subfield code="p">a073750</subfield>
    <subfield code="r">2024-05-10</subfield>
    <subfield code="s">2024-03-15</subfield>
    <subfield code="w">2023-08-08</subfield>
    <subfield code="y">LMA</subfield>
  </datafield>
  <datafield tag="952" ind1=" " ind2=" ">
    <subfield code="0">0</subfield>
    <subfield code="1">0</subfield>
    <subfield code="2">ddc</subfield>
    <subfield code="4">0</subfield>
    <subfield code="6">LMA_SUN_2021_000000000000000_B498_OR</subfield>
    <subfield code="7">0</subfield>
    <subfield code="9">93745</subfield>
    <subfield code="a">LBB</subfield>
    <subfield code="b">LBB</subfield>
    <subfield code="c">B498</subfield>
    <subfield code="d">2023-08-08</subfield>
    <subfield code="o">LMA SUN 2021 B498 Or.</subfield>
    <subfield code="p">a073690</subfield>
    <subfield code="r">2023-08-08</subfield>
    <subfield code="w">2023-08-08</subfield>
    <subfield code="y">LMA</subfield>
  </datafield>
</record>
